Canada First-Level Subdivisions - Statistics

General Stats
  • This quiz has been taken 56 times
    39 since last reset
  • The average score is 8 of 13
Answer Stats
Subdivision Population % Correct
Ontario 15,608,369
77%
Quebec 8,874,683
77%
Alberta 4,695,290
69%
Newfoundland and Labrador 538,605
69%
Yukon 44,975
69%
British Columbia 5,519,013
62%
Manitoba 1,454,902
62%
Northwest Territories 44,972
62%
Nunavut 40,673
62%
Prince Edward Island 173,787
62%
Saskatchewan 1,209,107
62%
New Brunswick 834,691
54%
Nova Scotia 1,058,694
54%
No matching quizzes found
Score Distribution
Percent of People with Each Score
Percentile by Number Answered
Your Score History
You have not taken this quiz since the last reset